Central Library OPAC University of Rajshahi
Normal view MARC view

Entry Topical Term

Number of records used in: 4

001 - CONTROL NUMBER

  • control field: 15388

003 - CONTROL NUMBER IDENTIFIER

  • control field: BD-RjUL

005 - DATE AND TIME OF LATEST TRANSACTION

  • control field: 20250505100805.0

008 - FIXED-LENGTH DATA ELEMENTS

  • fixed length control field: 250505|| aca||aabn | a|a d

040 ## - CATALOGING SOURCE

  • Original cataloging agency: BD-RjUL
  • Transcribing agency: BD-RjUL

150 ## - HEADING--TOPICAL TERM

  • Topical term or geographic name entry element: Qasidas, Urdu
  • General subdivision: History and criticism

670 ## - SOURCE DATA FOUND

  • Source citation: Work cat.: (BD-RjUL)84886: اردو قصيده نگارى ;; Urdū qaṣīdah nigārī /, 1988.